Visualizzazione normale
Vista MARC
- Balbastre Claude
di Personal Name
Records bibliografici associati: 1
001 - CONTROL NUMBER
- control field: 11926
003 - CONTROL NUMBER IDENTIFIER
- control field: IT-RoPau
005 - DATE AND TIME OF LATEST TRANSACTION
- control field: 20140201224713.0
008 - FIXED-LENGTH DATA ELEMENTS
- fixed length control field: 140201|| aca||aabn | a|a d
040 ## - CATALOGING SOURCE
- Original cataloging agency: IT-RoPau
- Transcribing agency: IT-RoPau
100 ## - HEADING--PERSONAL NAME
- Personal name: Balbastre Claude
- Dates associated with a name: Codice autore musica SPICS: 15791
- Relator term: Autore musica
- Name of part/section of a work: Fanne coraige, le diable a mor - Que tu gro jan quei folie - Divine princesse - Votre bonté grand Dieu
670 ## - SOURCE DATA FOUND
- Source citation: Work cat.: (IT-RoPau)100033: AA.VV. 794, Musiche natalizie per organo